logo

Bir Sreshtho Munshi Abdur Rouf Library
Jhenaidah Cadet College

Foundation and earth / (Record no. 1929)

MARC details
000 -LEADER
fixed length control field 00583nam a2200229 a 4500
001 - CONTROL NUMBER
JCCL Control Number 1929
003 - CONTROL NUMBER IDENTIFIER
JCCL marc code BD-JhCC
005 - DATE AND TIME OF LATEST TRANSACTION
control field 20200403134008.0
008 - FIXED-LENGTH DATA ELEMENTS--GENERAL INFORMATION
fixed length control field 871118s1996 ii 000 1 eng d
020 ## - INTERNATIONAL STANDARD BOOK NUMBER
International Standard Book Number 9780007270439
035 ## - SYSTEM CONTROL NUMBER
system control number (BD-JhCC)1929
040 ## - CATALOGING SOURCE
Original cataloging agency BD-JhCC
Modifying agency BD-JhCC
041 ## - LANGUAGE CODE
Language code of Book eng
082 ## - DEWEY DECIMAL CLASSIFICATION NUMBER
Classification number 813/.54
DDC Edition number 19
Author mark and Year ASI 1996
100 1# - MAIN ENTRY--PERSONAL NAME
Personal name Asimov, Isaac,
Dates associated with a name 1920-1992.
245 10 - TITLE STATEMENT
Title Foundation and earth /
Statement of responsibility, etc Isaac Asimov
260 ## - PUBLICATION, DISTRIBUTION, ETC. (IMPRINT)
Place of publication, distribution, etc India :
Name of publisher, distributor, etc Thomson Press,
Date of publication, distribution, etc 1986.
300 ## - PHYSICAL DESCRIPTION
Pagination 510 p. ;
Dimensions 18 cm.
651 ## - SUBJECT ADDED ENTRY--GEOGRAPHIC NAME
Geographic name Seldom
General subdivision Psychology
942 ## - ADDED ENTRY ELEMENTS (KOHA)
Source of classification or shelving scheme Dewey Decimal Classification
Koha item type Books
Koha issues (borrowed), all copies 2
Holdings
Source of classification or shelving scheme Damaged status Not for loan Home library Current library Shelving location Cost, normal purchase price Total Checkouts Full call number Barcode Date last seen Copy number Koha item type Date of accession Date checked out
Dewey Decimal Classification     JCC Rouf Library JCC Rouf Library General Stacks 195.00   813/.54 ASI 1996 3141 10/26/2017 C-1 Books    
Dewey Decimal Classification     JCC Rouf Library JCC Rouf Library General Stacks 90.00 1 813/.54 ASI 1996 2676 04/05/2020 C-2 Books 10/26/2017 04/02/2020
Dewey Decimal Classification     JCC Rouf Library JCC Rouf Library General Stacks 495.00   813/.54 ASI 1996 3430 11/04/2017 C-3 Books 11/04/2017  

JCC Library | Contacts | JCC Home

Last Update on 23 September 2017
Copyright @ 2017-2020 JCC Rouf Library
Rouf Library, Jhenidah Cadet College (JCC), Bangladesh